00386nam a2200121 a 4500001000400000003000500004005001700009008004100026040002000067111010300087245006400190300001000254509CDMR20130305174907.0130130s ||||||||||||||||||||||||||||d aCDMRbcatcCDMR2 aConference of the International Association for Mass Communication ResearchcBarcelonad1988n16º10aComunicació social i identitat culturalb: Full programme a50 p.